[Event "SapporoSummer2022"]
[Site "?"]
[Date "2022.07.17"]
[Round "2.5"]
[White "Nakamura, Mitsuru	"]
[Black "Takeuchi, Hiroshi"]
[Result "0-1"]
[WhiteElo "1355"]
[BlackElo "1393"]
[Annotator "Fritz 11 SE (30s)"]
[PlyCount "82"]
[SourceVersionDate "2022.07.18"]

{[%mdl 8256] E97: King's Indian: Classical Main Line (6...e5 7 0-0 Nc6): 8 Be3
and 8 d5 Ne7, not 9 Ne1} 1. d4 Nf6 2. c4 d6 3. Nc3 g6 4. e4 Bg7 5. Nf3 O-O 6.
Be2 e5 7. O-O Nc6 8. d5 Ne7 9. h3 Nd7 {Black has a cramped position. Black's
piece can't move: c8} (9... Ne8 10. Bg5 f6 11. Bh4 Kh8 12. Qd2 Ng8 13. b4 Qe7
14. Rab1 h5 15. Bg3 Bh6 16. Qd3 Ng7 17. Bh4 g5 18. Bg3 f5 19. c5 f4 20. Bh2 g4
21. hxg4 hxg4 22. Nd2 Nh5 23. cxd6 cxd6 24. g3 {WoDra (2534)-McShane (2381)
playchess.com INT 2006 0-1 (35)}) (9... a5 10. Be3 Ne8 11. Qd2 f5 12. exf5 gxf5
13. Bh6 f4 14. Bxg7 Nxg7 15. Bd3 Nef5 16. Rfe1 Nh5 17. a3 Bd7 18. b4 Qe7 19.
Nb5 Be8 20. Bxf5 Rxf5 21. bxa5 Qg7 22. Kh1 Nf6 23. Rg1 Rh5 24. Kh2 {Da Silva,H
(2219)-Violla Cunha,M (2322) Rio de Janeiro 2015 0-1 (31)}) 10. Ne1 $146 (10.
Be3 f5 11. exf5 gxf5 12. Ng5 Nf6 13. f4 Bh6 14. Qd2 exf4 15. Bxf4 Ng6 16. g3
Nxf4 17. gxf4 Ne4 18. Ncxe4 fxe4 19. Qe3 Qf6 20. Bg4 Bxg4 21. hxg4 Bxg5 22.
fxg5 Qxb2 23. Qxe4 Rae8 24. Rxf8+ Rxf8 {Grachev,B (2483)-Gubajdullin,A (2344)
Samara 2003 1/2-1/2 (41)}) (10. Be3 a5 $14) 10... f5 $14 {Attacks the pawn
chain} 11. f3 Nf6 {[%cal Yh5g3,Yf6h5,Yd7f6] Begins the manoeuvre Nd7-f6-h5-g3}
12. Nd3 Bd7 13. b4 {[%cal Yc4c5] White prepares the advance c5} (13. Qb3 b6 $14
) 13... f4 {Black wins space} (13... Nh5 14. Qe1 $11) 14. c5 $14 {The thematic
attack} Nh5 15. Qb3 Kh8 16. Bd2 Ng3 {Black threatens to win material: Ng3xf1.
The black knight on an outpost} 17. Rfc1 Ng8 18. b5 (18. Rab1 Re8 $11) 18...
Qh4 (18... Qg5 19. Bf1 Bxh3 20. Nf2 $15 (20. gxh3 $4 Ne2+ 21. Kf2 Nd4 $19)) 19.
Nf2 (19. c6 $142 $5 {is interesting} bxc6 20. bxc6 $14) 19... dxc5 $15 20. Qc4
(20. a4 Nf6 $15) 20... b6 21. a4 Qe7 (21... Nxe2+ 22. Qxe2 Nf6 23. a5 $17) 22.
Bd3 $15 g5 (22... Nh6 23. a5 $15) 23. Be2 (23. a5 $5 $11) 23... h5 24. a5 Nh6
25. axb6 (25. Ra2 {[%tqu "En","","","","g5g4","",10]} g4 $1 {Black moves ahead
of the opponent} 26. fxg4 hxg4 27. Bxg4 Nxg4 28. Nxg4 Bxg4 29. axb6 f3 $19)
25... cxb6 {White has a new protected passed pawn: d5} (25... axb6 26. Ra6
Nxe2+ 27. Qxe2 Nf7 $17) 26. Ncd1 $2 (26. Ra2 $142 $5 $15 {is a viable option})
26... g4 27. Qd3 $2 (27. hxg4 $142 hxg4 28. fxg4 $17) 27... gxh3 $19 28. Nxh3
Bxh3 (28... Nxe2+ $6 29. Qxe2 Bf6 30. Kh1 $17) 29. gxh3 Qg5 30. Kh2 Rf6 (30...
Nxe2 $142 {seems even better} 31. Qxe2 Qg3+ 32. Kh1 Qxh3+ 33. Qh2 Qxf3+ 34. Qg2
Qg4 $19) 31. Bf1 $4 {sad, but how else could White save the game?} (31. Nf2
$142 $17) 31... Rg6 $19 32. Be1 (32. Bg2 {doesn't get the bull off the ice} {
[%tqu "En","","","","g3e4","",10]} Nxe4 $1 {Clearance: g3} 33. Qe2 Nxd2 34. Ra3
$19) 32... Ne2 (32... Nh1 $1 33. Qd4 exd4 34. h4 Qg1+ 35. Kh3 Qxf1+ 36. Kh2
Qg2#) 33. Bf2 $19 Nxc1 34. Rxc1 Qe7 35. Nc3 (35. Rc2 Rg8 36. Be1 Nf7 $19) 35...
Bf6 36. d6 (36. Bg2 {doesn't get the cat off the tree} Rag8 37. Rg1 Bh4 $19)
36... Qd7 (36... Qg7 37. h4 Rg8 38. Bh3 Rg2+ 39. Kh1 Rxf2 40. Ne2 $19) 37. Qd5
(37. Kh1 $19 {the only chance to get some counterplay}) 37... Rag8 38. Rd1 (38.
Kh1 {a fruitless try to alter the course of the game} Qg7 39. Bc4 Rg2 40. Qxg8+
Nxg8 $19) 38... Qg7 39. Ne2 (39. Qxg8+ {otherwise it's curtains at once} Qxg8
40. Nd5 $19) {[%tqu "En","","","","g6g2","",10]} 39... Rg2+ $1 {Clearance: g6}
40. Kh1 (40. Bxg2 Qxg2# {Mate attack Clearance}) 40... Rxf2 41. Qe6 {[%tqu
"En","","","","f2f1","",10]} Rxf1+ $1 {Mate attack} (41... Rxf1+ 42. Rxf1 Qg2#)
0-1

[Event "SapporoSummer2002"]
[Site "?"]
[Date "2022.07.17"]
[Round "3.2"]
[White "Yoshii, Yukihiko"]
[Black "Sugimoto, Koichi"]
[Result "0-1"]
[WhiteElo "1941"]
[BlackElo "1686"]
[Annotator "Fritz 11 SE (30s)"]
[PlyCount "138"]
[SourceVersionDate "2022.07.18"]

{[%mdl 8192] D15: Slav Defence: 4 Nc3 a6 and gambit lines after 4 Nc3 dxc4} 1.
c4 c6 2. d4 d5 3. cxd5 cxd5 4. Nc3 Nf6 5. Nf3 Nc6 6. e3 a6 7. Be2 Bf5 8. a3 e6
9. O-O Bd6 10. h3 O-O $146 (10... Ne4 11. Nxe4 Bxe4 12. Bd2 O-O 13. Bc3 f6 14.
Nd2 Bg6 15. f4 Qe7 16. Nf3 Rad8 17. Bd3 Be4 18. Qc2 f5 19. Rf2 h6 20. Raf1 Rf7
21. g3 Rdf8 22. Nd2 g5 23. Kh2 h5 24. Rg1 Rg7 25. Nf3 {Thomsen,T (2215)
-Jelling,E (2400) Gausdal 1992 0-1 (43)}) 11. b4 Rc8 12. Bb2 Bb8 13. Rc1 b5 (
13... Ne4 14. Na4 $11) 14. Bd3 (14. a4 Nxb4 15. axb5 a5 $11) 14... Bg6 15. Bxg6
hxg6 16. Qd3 Re8 17. Rfd1 Qd6 18. e4 Qf4 (18... dxe4 19. Nxe4 Nxe4 20. Qxe4 $11
) 19. e5 {This push gains space} Ne4 (19... Nd7 20. Ne2 Qf5 21. Qb3 $14) 20.
Ne2 {White threatens to win material: Ne2xf4} Qh6 21. Rc2 Ne7 22. Rdc1 Rcd8 (
22... Rc4 23. Nc3 Qf4 24. g3 Nxg3 25. fxg3 Qxg3+ 26. Rg2 Qxh3 27. Ne2 $11) 23.
Rd1 {Black has a cramped position} Qh5 (23... Rc8 24. Nc3 Nxc3 25. Bxc3 $14)
24. Nf4 {White threatens to win material: Nf4xh5} (24. a4 $5 $16) 24... Qh7 25.
Bc1 {Black has a cramped position} (25. Qe2 Rc8 $14) 25... g5 {Black threatens
to win material: g5xf4} 26. Ne2 f6 27. Nh2 fxe5 28. f3 {White threatens to win
material: f3xe4} (28. Ng4 exd4 29. Nxd4 Rc8 30. Nxe6 Rxc2 31. Qxc2 Rc8 $11)
28... Nf6 29. dxe5 Qxd3 {Black forks: c2+d1} 30. Rxd3 Bxe5 31. Bxg5 Rc8 {
Black threatens to win material: Rc8xc2} 32. Rdd2 Bd6 33. g4 Kf7 34. f4 $2 (34.
Nf1 $142 $5 $15 {and White can hope to survive}) 34... Ne4 $19 35. Rxc8 Nxc8 (
35... Rxc8 36. Rb2 $17) 36. Rc2 Nxg5 37. fxg5 Ne7 38. Nf3 Bb8 (38... e5 39. Kg2
$17) 39. Kg2 e5 40. h4 d4 {This push gains space} (40... g6 $5 $17) 41. Ng3 $11
Nd5 42. Rc6 {White threatens to win material: Rc6xa6} Ne3+ {Black forks: g4. A
classical outpost} 43. Kh3 Re6 (43... d3 44. Ne4 $11 (44. Rxa6 e4 45. g6+ Kf8
46. Nxe4 Rxe4 $19)) 44. Rxe6 (44. g6+ $5 Ke7 45. Rxe6+ Kxe6 46. h5 $16) 44...
Kxe6 $11 {A minor pieces endgame occured} 45. Ne4 {The knight feels good on e4}
Ba7 (45... Kd5 46. Nc5 e4 47. Nd2 $11) 46. g6 (46. h5 $142 d3 47. h6 $16) 46...
Nc4 $4 {ruins a clearly superior position. An ideal square for the black
knight.} (46... d3 $142 $11 {is just about the only chance}) 47. h5 d3 (47...
Nxa3 48. g5 Bc5 49. h6 $18) 48. g5 (48. Nfg5+ $142 {and the result of the game
is clear: White will win} Kd5 49. h6 gxh6 50. g7 hxg5 51. Nxg5 $18) 48... Be3 (
48... Nxa3 49. h6 Kf5 50. hxg7 Kxe4 51. g8=Q $18) 49. Kg4 $4 {lets it slip away
} (49. h6 $142 {and White has triumphed} gxh6 50. Nf6 Bxg5 51. g7 Kxf6 52. g8=Q
$18) 49... d2 $19 (49... Nxa3 $4 {taking the pawn will bring Black grief} {
[%tqu "En","","","","h5h6","",10]} 50. h6 gxh6 51. Nf6 hxg5 52. g7 Kxf6 53.
g8=Q $18) 50. Nfxd2 Nxd2 $4 {ruins a very nice position} (50... Bxd2 $142 {
a shame that Black overlooked this excellent chance} 51. Nc5+ Ke7 52. Nxa6 Nxa3
$19) 51. Nc5+ (51. h6 $142 {and White can celebrate victory} gxh6 52. Nd6 hxg5
53. g7 $18) 51... Ke7 $15 52. Kf5 $4 (52. Nxa6 $5 {has some apparent merit} Nb1
53. Nb8 $15) 52... Nc4 (52... e4 {makes it even easier for Black} 53. Nd7 Nc4
54. Kxe4 Bxg5 55. Nc5 $19) 53. Ne6 $2 (53. Nxa6 $142 Bf4 54. Kg4 Ne3+ 55. Kh4
$17) 53... Nd6+ (53... e4 $142 $19 {secures the point}) 54. Kxe5 $11 Ne8 55.
Nxg7 $4 {White lets it slip away} (55. Nf4 Bxf4+ 56. Kxf4 Nd6 $11) 55... Bxg5 {
Sacrifices material} (55... Nxg7 $142 {finishes off the opponent} 56. h6 Ne8
$19) 56. Nf5+ $11 Kf8 57. h6 {He broke from his leash} Bf6+ 58. Ke6 Bb2 59. h7
Ng7+ 60. Nxg7 {White has a mate threat} Kxg7 61. Kf5 $4 {makes life more
difficult} (61. h8=Q+ $142 {would hold out} Kxh8 62. Kf7 $11) 61... Bxa3 $19
62. Ke4 Bxb4 63. Kd3 Bc5 64. Kc3 a5 65. Kb3 a4+ 66. Kb2 a3+ 67. Kb3 b4 68. Ka2
Bd4 69. Kb3 Kxg6 0-1

[Event "SapporoSummer2022"]
[Site "?"]
[Date "2022.07.17"]
[Round "3.3"]
[White "Takeuchi, Hiroshi"]
[Black "Nishimori, Toshiyuki	"]
[Result "1-0"]
[WhiteElo "1393"]
[BlackElo "1684"]
[Annotator "Fritz 11 SE (30s)"]
[PlyCount "81"]
[SourceVersionDate "2022.07.18"]

{[%mdl 8256] D02: 1 d4 d5 2 Nf3 sidelines, including 2...Nf6 3 g3 and 2...Nf6
3 Bf4} 1. d4 Nf6 2. Bf4 d5 3. e3 e6 4. Nf3 Bb4+ $146 (4... b6 5. Bd3 (5. Nbd2
Bd6 6. Ne5 O-O 7. c3 Ba6 8. Bxa6 Nxa6 9. Qe2 Nb8 10. O-O Re8 11. e4 dxe4 12.
Nxe4 Nd5 13. Bd2 f6 14. Nf3 Nc6 15. Qb5 Nce7 16. c4 Nf4 17. Rad1 c6 18. Qb3 Bc7
19. Rfe1 Qd7 {Knezevic,M (2465)-Drasko,M (2325) Zagreb 1982 1-0 (36)}) (5. c3
Bb7 6. Bb5+ Nfd7 7. Nbd2 Bd6 8. Bxd6 cxd6 9. O-O O-O 10. Bd3 f5 11. c4 Nf6 12.
Rc1 Nbd7 13. Qe2 Ne4 14. cxd5 Bxd5 15. Bc4 Ndf6 16. Bxd5 Nxd5 17. Nxe4 fxe4 18.
Nd2 Nf6 19. h3 Qd7 {Gogolis,A (2283)-Delithanasis,D (2189) Athens 2008 1/2-1/2}
) (5. c4 Bb7 6. Nbd2 Be7 7. Be2 O-O 8. h3 c5 9. cxd5 exd5 10. dxc5 bxc5 11. O-O
Qb6 12. Qb3 Nc6 13. Rfd1 Rac8 14. Ne5 Ba8 15. Qxb6 axb6 16. Bb5 Nxe5 17. Bxe5
Bb7 18. b3 Rfd8 19. f3 Kf8 {Botta,W (2200)-Rother,C (2200) Boeblingen 1985 0-1
(56)}) 5... Bb7 6. Nbd2 Nbd7 7. O-O Be7 8. Ne5 O-O 9. Nxd7 Qxd7 10. Be5 c5 11.
c3 Ne8 12. Qh5 g6 13. Qe2 c4 14. Bc2 f6 15. Bg3 f5 16. Nf3 Bd8 17. Ne5 Qg7 18.
f3 Bc7 19. e4 {Mason,J-Lipschuetz,S New York 1889 1/2-1/2 (62)}) 5. c3 {
White threatens to win material: c3xb4} Be7 6. Bd3 h6 {Prevents intrusion on g5
} 7. h3 {Secures g4} Nbd7 8. O-O c5 9. Nbd2 c4 {Black threatens to win
material: c4xd3} 10. Bc2 Nh5 11. Bh2 O-O 12. Ne5 g6 13. f4 (13. Ndf3 $142 $5
$16) 13... Nxe5 $11 14. dxe5 {White has new doubled pawns: e3+e5} (14. fxe5 Qb6
15. Qc1 Bd7 $14) 14... Ng7 (14... Qb6 15. g4 Ng7 16. Nf3 $15) 15. Nf3 $11 b5 (
15... Qb6 16. Qc1 $11) 16. Qe2 Qb6 {[%cal Yb5b4] Black prepares b4} 17. Nd4 Bc5
(17... Nf5 18. Bxf5 exf5 19. Bg3 $11) 18. g4 $14 Bxd4 (18... b4 19. Bg3 $14)
19. cxd4 (19. exd4 b4 $16) 19... b4 $11 20. Kh1 Ba6 21. Qg2 (21. Rfb1 Rab8 $11)
21... c3 {Black threatens to win material: c3xb2} (21... b3 22. Bd1 c3 23. Bxb3
Bxf1 24. Rxf1 cxb2 25. Rb1 $17) 22. Rf2 (22. Rfb1 Rfc8 $14) 22... cxb2 23. Rb1
{White threatens to win material: Rb1xb2} Bc4 {Black threatens to win material:
Bc4xa2. A beautiful square!} (23... Rfc8 24. Rxb2 Rxc2 25. Rfxc2 $11) 24. Rxb2
a5 (24... Kh8 $5 $11 {should be investigated more closely}) 25. f5 $16 exf5 (
25... a4 $142 $5 26. fxg6 a3 27. gxf7+ Rxf7 28. Rxf7 Kxf7 $16) 26. gxf5 $18 a4
(26... gxf5 27. Bxf5 Rae8 28. Rb1 $18) 27. f6 Ne6 $6 {instead of fighting back}
(27... b3 28. fxg7 Rfe8 29. Qf3 $18) {[%tqu "En","","","","c2g6","",10]} 28.
Bxg6 $1 {Mate attack.} Ng5 (28... fxg6 29. Qxg6+ {Mate attack}) 29. Bf5 Kh8 30.
h4 Rg8 31. hxg5 Rxg5 32. Qh3 h5 33. Bf4 Rxf5 (33... Bf1 {does not save the day}
34. Rxf1 Rag8 35. Rh2 R8g7 36. fxg7+ Kxg7 37. Bxg5 h4 38. Qxh4 Qb8 39. Qh7+ Kf8
40. Qh8#) 34. Qxf5 Bd3 35. Qxd3 (35. Qxh5+ Kg8 36. Rg2+ Bg6 37. Rxg6+ fxg6 38.
Qxg6+ Kf8 39. Bh6#) 35... Qe6 (35... Qc7 {does not help much} 36. Qd1 Qc1 37.
Qxc1 Kh7 38. Qd1 Re8 39. Qxh5+ Kg8 40. Rg2+ Kf8 41. Bh6#) 36. Rh2 Qg4 37. Rbg2
Rg8 (37... Qf3 {cannot change destiny} 38. e4 Rc8 39. Qxf3 Rc1+ 40. Bxc1 dxe4
41. Rxh5#) 38. Rxg4 Rxg4 39. Rxh5+ Kg8 40. Rg5+ (40. Qc2 Rh4+ 41. Rxh4 Kf8 42.
Rh8#) 40... Rxg5 41. Bxg5 (41. Bxg5 a3 42. e6 fxe6 43. Qg6+ Kf8 44. Bh6#) 1-0

[Event "SapporoSummer2022"]
[Site "?"]
[Date "2022.07.17"]
[Round "3.4"]
[White "Ogawa, Taishi"]
[Black "Ishii, Hibiki"]
[Result "0-1"]
[WhiteElo "1613"]
[BlackElo "1349"]
[Annotator "Fritz 11 SE (30s)"]
[PlyCount "62"]
[SourceVersionDate "2022.07.18"]

{[%mdl 8192] A48: 1 d4 Nf6 2 Nf3 g6: Torre, London and Colle Systems} 1. d4 Nf6
2. Bf4 g6 3. e3 Bg7 4. Nf3 d6 5. h3 O-O 6. Bd3 c5 7. c4 $146 (7. c3 Nc6 (7...
b6 8. O-O Bb7 9. Bh2 Nbd7 10. Nbd2 Re8 11. Re1 e5 12. dxe5 Nxe5 13. Bb5 Re7 14.
Nxe5 {1/2-1/2 (14) Lechtynsky,J (2450)-Georgiev,K (2440) Albena 1985}) 8. O-O
cxd4 9. exd4 Qb6 10. Nbd2 Be6 11. Nc4 Bxc4 12. Bxc4 Qxb2 13. Qb3 Qxb3 14. axb3
d5 15. Bd3 a6 16. b4 Rfc8 17. Rfb1 Na7 18. b5 Nxb5 19. Bxb5 axb5 20. Rxa8 Rxa8
21. Rxb5 Ne4 {Duboue,P (2312)-Barbot,P (2461) Saint-Quentin 2015 1/2-1/2 (42)})
(7. Nc3 Nc6 8. O-O a6 9. a4 Nb4 10. Be2 Bf5 11. Ne1 cxd4 12. exd4 Rc8 13. Bf3
Qc7 14. Qd2 e5 15. Be3 Nc6 16. d5 Nd4 17. Bxd4 exd4 18. Ne2 Ne4 19. Qd1 Ng5 20.
Nxd4 Nxf3+ 21. Nexf3 Bxc2 {Repka,C (2337)-Petenyi,T (2452) Martin 2013 0-1}) (
7. Nc3 $142 $5 $11 {has some apparent merit}) 7... cxd4 $17 8. exd4 (8. Nxd4 $4
e5 9. Ne2 exf4 10. exf4 d5 $19) 8... Nh5 (8... e5 9. Bg5 e4 10. Bxf6 Qxf6 11.
Bxe4 $17) 9. Bh2 (9. Be3 e5 10. Nc3 exd4 11. Nxd4 Nc6 $14) 9... Qb6 {Black
threatens to win material: Qb6xb2} (9... Nc6 10. O-O $17) 10. Qb3 (10. Nc3 $5
$11 {is an interesting alternative}) 10... Bxd4 (10... Nc6 11. Nc3 $17) 11.
Nxd4 $15 Qxd4 {White has the pair of bishops} 12. O-O {White castles and
improves king safety} Nc6 13. Rd1 Qc5 14. Nc3 Be6 (14... Nd4 15. Qa3 Qxa3 16.
bxa3 $11) 15. Ne4 {White threatens to win material: Ne4xc5} Qb4 16. Be2 Qxb3
17. axb3 {White has new doubled pawns: b2+b3} Ng7 18. g4 f5 {Black threatens
to win material: f5xe4} 19. Ng5 (19. Nc3 fxg4 20. hxg4 h5 $15) 19... fxg4 (
19... a5 20. Re1 fxg4 21. Bd1 $17) 20. Nxe6 (20. hxg4 $5 {looks like a viable
alternative} h6 21. Ne4 $15) 20... Nxe6 $17 21. Bxg4 Ned4 22. c5 (22. Rd3 $142
$5 $17) 22... dxc5 $19 23. Rac1 $2 (23. Rd3 $19) 23... h5 24. Bd7 Ne2+ 25. Kf1
(25. Kg2 {doesn't change the outcome of the game} Nxc1 26. Rxc1 Rf6 27. Rxc5
Rd8 $19) 25... Nxc1 26. Rxc1 Nd4 (26... Rad8 $5 {might be the shorter path} 27.
Bxc6 Rd2 28. Bg3 bxc6 29. Rxc5 $19) 27. Rxc5 Nxb3 $4 {instead of simply
winning the game.} (27... b6 $142 {and Black takes home the point} 28. Rd5 Nxb3
$19) 28. Be6+ $14 {White forks: b3} Kh7 29. Bxb3 Rf3 {Black threatens to win
material: Rf3xb3. Black forks: b3+h3} 30. Be6 Raf8 31. Bg3 $4 {stumbles just
before the finish line} (31. Rc2 $142 $14 {the rescuing straw}) 31... Rxg3 $19
0-1

[Event "SapporoSummer2022"]
[Site "?"]
[Date "2022.07.17"]
[Round "3.5"]
[White "Ito, Katsuhide"]
[Black "Nakamura, Mitsuru"]
[Result "0-1"]
[WhiteElo "1296"]
[BlackElo "1355"]
[Annotator "Fritz 11 SE (30s)"]
[PlyCount "80"]
[SourceVersionDate "2022.07.18"]

{[%mdl 8192] C99: Closed Ruy Lopez: Chigorin Defence: 11 d4 Qc7 12 Nbd2 cxd4} 
1. e4 e5 2. Nf3 Nc6 3. Bb5 a6 4. Ba4 b5 5. Bb3 Nf6 6. O-O Be7 7. Re1 O-O 8. c3
d6 9. h3 Na5 10. Bc2 c5 11. d4 Qc7 12. Nbd2 cxd4 13. cxd4 Nc6 14. Nf1 h6 $146 {
Controls g5} (14... Nxd4 15. Nxd4 exd4 16. Ng3 (16. Bg5 h6 17. Bh4 Qb6 18. Qd3
g5 19. Bg3 Be6 20. Rad1 Rfc8 21. Bb1 Nd7 22. e5 Nf8 23. Qf3 d5 24. Qh5 Kg7 25.
f4 f5 26. exf6+ Bxf6 27. fxg5 hxg5 28. Be5 d3+ 29. Kh1 Ng6 30. Qxg5 Bf7 {
Lasker,E-Tarrasch,S Germany 1908 1-0 (38)}) (16. b3 d5 17. Ng3 dxe4 18. Nxe4
Nxe4 19. Bxe4 Bb7 20. Bf4 Qd7 21. Bxb7 Qxb7 22. Qxd4 Bf6 23. Be5 Rad8 24. Qf4
Bxe5 25. Rxe5 Qa8 26. Qe3 Rfe8 27. Re1 {1/2-1/2 (27) Georgiev,K (2210)-Antonov,
V (2265) Bulgaria 1975}) 16... Nd7 (16... Be6 17. Nf5 Bxf5 18. exf5 Rfe8 19.
Bb3 d5 20. Bg5 h6 21. Bh4 {1/2-1/2 (21) Ismagambetov,A (2528)-Mchedlishvili,M 
(2613) Ravana 2009}) 17. Bb3 Qb6 18. Nf5 Bf6 19. Bf4 Ne5 20. Bd5 Ra7 21. Qb3
Rc7 22. g4 g6 23. Nh6+ Kg7 24. g5 Bd8 25. Qg3 f6 26. Nf5+ Kh8 27. Nh4 fxg5 28.
Bxg5 Bxg5 29. Qxg5 {Lasker,E-Tarrasch,S Germany 1908 0-1 (44)}) (14... Re8 15.
Ng3 g6 16. Be3 {1/2-1/2 (16) Hristodorescu,D (2198)-Helmer,J (2209) Satu Mare
2011}) (14... Nxd4 15. Nxd4 exd4 16. Ng3 $11) 15. b3 Bb7 (15... d5 16. Bb2 Nxe4
17. Rc1 $16) 16. Bb2 $14 Rac8 17. Rc1 Qb8 (17... exd4 18. Nxd4 Nxd4 19. Bxd4
$14) 18. Qd2 (18. Ne3 $16) 18... Rfe8 (18... Bd8 19. a3 $14) 19. Ne3 (19. d5
Na7 $18) 19... a5 (19... Bd8 20. d5 Ba5 21. Qe2 (21. dxc6 $4 {would lead to
instant doom} Bxd2 22. Nxd2 Bxc6 $19) 21... Bxe1 22. dxc6 Bxf2+ 23. Qxf2 Rxc6
24. Re1 $11) 20. Nd5 (20. d5 $142 $5 Nb4 21. Bb1 $16) 20... Nxd5 $11 21. exd5
Nb4 22. Be4 Rxc1 23. Rxc1 Bd8 $2 (23... exd4 $142 {and Black can hope to live}
24. Re1 Bxd5 (24... Nxd5 $143 25. Bxd5 (25. Bxd4 $6 Qa8 $11) (25. Qxa5 $6 Nc7
$11) (25. Nxd4 $143 Bf6 $15) (25. Qxd4 $143 Bf6 26. Qd2 Bxb2 27. Bxd5 Bxd5 28.
Qxd5 Rxe1+ 29. Nxe1 a4 $15) 25... Bxd5 26. Rxe7 (26. Qxd4 $6 Bf6 27. Rxe8+ Qxe8
28. Qxd5 Bxb2 $11) 26... Rxe7 27. Qxd4 $16) 25. Bxd5 Nxd5 26. Qxa5 d3 $11) 24.
dxe5 $18 dxe5 (24... Nxa2 $142 25. Re1 Nb4 $16) 25. Re1 (25. a3 Na6 26. Qe2 b4
$18) 25... Bf6 $2 (25... Qa8 $16) 26. d6 $4 {throwing away the advantage} (26.
a3 $142 {White has a promising position} Na6 27. Qxa5 $18) 26... Bxe4 (26...
Rd8 $5 27. Bxb7 Rxd6 $11) 27. Rxe4 $14 {[%cal Rb2e5,Re4e5,Rf3e5,Ge8e5,Gf6e5]
e5 seems the pivot of the position} Qb7 (27... Nc6 28. d7 Rd8 29. Qe2 $14) 28.
Qe2 (28. Re2 $5 Rd8 29. Bxe5 Bxe5 30. Nxe5 $16) 28... Qd5 $14 29. Bxe5 (29. Rd4
exd4 30. Qxe8+ Kh7 $14) 29... Nc6 $11 {Black threatens to win material: Nc6xe5}
30. Re3 $4 {gives the opponent new chances} (30. d7 $142 {had to be tried to
avoid defeat} Rxe5 31. Nxe5 Nxe5 32. Rxe5 Bxe5 33. Qxe5 Qxd7 34. Kh2 $11) 30...
Nxe5 $19 (30... Rxe5 $6 31. Nxe5 Nxe5 32. f4 $15) (30... Bxe5 $6 31. d7 Qxd7
32. Nxe5 $11) 31. Ne1 (31. Nxe5 Rxe5 (31... Bxe5 $6 32. d7 Qxd7 33. Rxe5 Rxe5
34. Qxe5 $11) 32. Qd3 Kf8 $19) 31... Rd8 ({Inferior is} 31... Qxd6 32. Qxb5 Qd8
33. Nd3 $19) 32. f4 Ng6 33. Re8+ Rxe8 34. Qxe8+ Nf8 35. d7 (35. Nf3 {is not
the saving move} Bd4+ 36. Kh1 Bf2 $19) 35... Qxd7 36. Qb8 (36. Qxd7 {no good,
but what else?} Nxd7 37. Kf2 $19) 36... Qd4+ 37. Kh2 Bh4 (37... b4 $142 {
makes sure everything is clear} 38. Nf3 Qf2 $19) 38. Nf3 Qf6 (38... Qf2 $142 {
seems even better} 39. Nxh4 Qxh4 $19) 39. Ne5 (39. f5 $19 {what else?}) 39...
Qxf4+ 40. Kh1 Bf6 (40... Bf6 41. Nc6 Qc1+ 42. Kh2 Qxc6 $19) 0-1

[Event "SapporoSummer2002"]
[Site "?"]
[Date "2022.07.18"]
[Round "4.1"]
[White "Aoki, Hiroyuki"]
[Black "Sugimoto, Koichi"]
[Result "0-1"]
[WhiteElo "1566"]
[BlackElo "1941"]
[Annotator "Fritz 11 SE (30s)"]
[PlyCount "64"]
[SourceVersionDate "2022.07.18"]

{D13: Slav Defence: Exchange variation without ...Bf5} 1. c4 c6 2. Nf3 Nf6 3.
g3 d5 4. cxd5 cxd5 5. d4 Nc6 6. Bg2 Bf5 7. O-O h6 (7... e6 8. Nh4 Be4 9. f3
Bxb1 10. Rxb1 Nd7 11. f4 f5 12. e4 dxe4 13. Qh5+ g6 14. Nxg6 Nf6 15. Qh4 Rc8
16. Nxf8 Rxf8 17. b3 Qe7 18. Bb2 Nd5 19. Qxe7+ Kxe7 20. Ba3+ Ncb4 21. Rfc1 Rfe8
22. Bf1 {Seps,M (2260)-Bird,A (2203) Crawley 2013 0-1 (38)}) 8. Nc3 e6 9. Qa4
Bd6 $146 (9... Be7 10. Ne5 Qb6 11. Nxc6 bxc6 12. b3 O-O 13. Rd1 a5 14. Ba3 Bb4
15. Rac1 Qb7 16. e4 dxe4 17. h3 Rfc8 18. Nb1 Nd5 19. Rc4 Nb6 20. Rxb4 axb4 21.
Qxb4 Qa7 22. Qe1 e3 23. Bc5 Qxa2 24. fxe3 {Eggleston,D (2368)-Gordon,S (2521)
Hastings 2009 0-1 (33)}) 10. Nb5 Be7 11. Bf4 O-O 12. Rac1 (12. Ne5 $5 $11)
12... a6 $17 13. Nc3 Qb6 {Black threatens to win material: Qb6xb2} 14. Nd1 (14.
Qb3 Qxb3 15. axb3 g5 $17) 14... Rac8 15. a3 Be4 16. e3 $2 (16. Be3 $142 $5 $17)
16... Rfd8 (16... g5 {makes it even easier for Black} 17. Nxg5 hxg5 18. Bxg5
$19) 17. Rc3 (17. h4 Nd7 $19) 17... Nd7 (17... g5 $142 $5 18. Be5 Nd7 $19) 18.
g4 $17 g5 (18... Qa7 19. Nd2 b5 20. Qb3 $19) 19. Bg3 Rf8 (19... Qa7 20. Nd2 b5
21. Qb3 $17) 20. Ne5 Ndxe5 21. Bxe5 (21. dxe5 $5 Bg6 22. f4 $17) 21... Bxg2 (
21... Nxe5 22. Bxe4 Rxc3 23. bxc3 Nxg4 24. Bf3 $19) 22. Kxg2 $17 Nxe5 23. Rxc8
Rxc8 24. dxe5 Qc7 (24... Rc4 25. Qe8+ Bf8 $17) 25. Qd4 $2 (25. f4 gxf4 26. exf4
Qc1 $17) 25... Bf8 (25... Qc2 $142 $5 26. Qa7 Qb3 27. Qd4 $19) 26. f4 Qc2+ (
26... Qc1 $142 $5 27. Nf2 Qc2 $19) 27. Rf2 {White threatens to win material:
Rf2xc2} Qc4 28. Nc3 gxf4 29. Qxf4 (29. Rxf4 $2 Qxd4 30. Rxd4 Bg7 $19) 29...
Qxf4 {Black forks: e3, e5+g4} 30. Rxf4 $2 (30. exf4 $142 {and White could well
hope to play on} b5 31. Nd1 $15) 30... Bg7 $19 31. Rb4 Bxe5 32. e4 $2 (32. Rxb7
$142 Bxc3 33. bxc3 Rxc3 34. a4 $19) 32... d4 (32... d4 33. Nd1 Rc2+ 34. Nf2 b5
$19) 0-1